Informe leído por el primer Jefe del Ejército Constitucionalista encargado del poder ejecutivo de la Unión, ante el Congreso Constituyenye de Querétaro, el 1º de diciembre de 1916, y proyecto de reformas a la Constitución política de 1857 / (Record no. 40018)

MARC details
000 -LEADER
campo de control de longitud fija 00786nam a2200181 i 4500
001 - NÚMERO DE CONTROL
campo de control 40018
003 - IDENTIFICADOR DE NÚMERO DE CONTROL
campo de control ES-MaACL
005 - FECHA Y HORA DE LA ÚLTIMA TRANSACCIÓN
campo de control 20250819063035.0
007 - CAMPO FIJO DE DESCRIPCIÓN FÍSICA--INFORMACIÓN GENERAL
campo de control de longitud fija t|
008 - DATOS DE LONGITUD FIJA--INFORMACIÓN GENERAL
campo de control de longitud fija 030304s1916 mx ||||1| spa d
100 1# - ENTRADA PRINCIPAL--NOMBRE DE PERSONA
Nombre de persona Carranza, Venustiano,
Fechas asociadas al nombre 1859-1920
9 (RLIN) 35508
245 10 - MENCIÓN DEL TÍTULO
Título Informe leído por el primer Jefe del Ejército Constitucionalista encargado del poder ejecutivo de la Unión, ante el Congreso Constituyenye de Querétaro, el 1º de diciembre de 1916, y proyecto de reformas a la Constitución política de 1857 /
Mención de responsabilidad, etc. [Venustiano Carranza].
260 ## - PUBLICACIÓN, DISTRIBUCIÓN, ETC.
Lugar de publicación, distribución, etc. México :
Nombre del editor, distribuidor, etc. Imprenta de la Secretaría de Gobernación,
Fecha de publicación, distribución, etc. 1916.
300 ## - DESCRIPCIÓN FÍSICA
Extensión 141 p. ;
Dimensiones 21 cm.
651 #4 - PUNTO DE ACCESO ADICIONAL DE MATERIA--NOMBRE GEOGRÁFICO
Nombre geográfico México-
Subdivisión general Historia constitucional.
9 (RLIN) 157433
852 ## - LOCALIZACIÓN
Ubicación ES-MaACL
Número de control de estantería 1598-F-20
Holdings
Estatus retirado Estado de pérdida Estado de daño No para préstamo Colección Biblioteca de origen Biblioteca actual Ubicación en estantería Fecha de adquisición Fuente de adquisición Total de préstamos Signatura topográfica completa Código de barras Visto por última vez Precio de reemplazo Tipo de ítem Koha
        Colección de folletos Biblioteca del Ateneo de Madrid Biblioteca del Ateneo de Madrid Depósito folletos 17/01/2008     1598-F-20 1042135 23/02/2023 23/02/2023 Folleto